State and land in Ethiopian history (Record no. 86213)
[ view plain ]
| 000 -LEADER | |
|---|---|
| fixed length control field | 01379cam8a220028900 4500 |
| 001 - CONTROL NUMBER | |
| control field | lce01033473 |
| 008 - FIXED-LENGTH DATA ELEMENTS--GENERAL INFORMATION | |
| fixed length control field | 711013s1966 et bh b 000 0 eng |
| 010 ## - LIBRARY OF CONGRESS CONTROL NUMBER | |
| LC control number | 74240146 //r85 |
| 025 ## - OVERSEAS ACQUISITION NUMBER | |
| Overseas acquisition number | Et-E-69 |
| 035 ## - SYSTEM CONTROL NUMBER | |
| System control number | (Sirsi) r82712 |
| 035 ## - SYSTEM CONTROL NUMBER | |
| System control number | (DLC) 74240146 //r85 |
| 035 ## - SYSTEM CONTROL NUMBER | |
| System control number | (UPRA)lce01033473 |
| 043 ## - GEOGRAPHIC AREA CODE | |
| Geographic area code | f-et--- |
| 050 0# - LIBRARY OF CONGRESS CALL NUMBER | |
| Classification number | HD1021.E8 |
| Item number | M6 no. 3 |
| 100 1# - MAIN ENTRY--PERSONAL NAME | |
| Personal name | Pankhurst, Richard. |
| Linkage | A42540.1 |
| 245 10 - TITLE STATEMENT | |
| Title | State and land in Ethiopian history |
| Statement of responsibility, etc. | [by] Richard Pankhurst. |
| 260 ## - PUBLICATION, DISTRIBUTION, ETC. | |
| Place of publication, distribution, etc. | Addis Ababa, |
| Name of publisher, distributor, etc. | Institute of Ethiopian Studies, |
| Date of publication, distribution, etc. | 1966. |
| 440 #0 - SERIES STATEMENT/ADDED ENTRY--TITLE | |
| Title | Monographs in Ethiopian land tenure ; |
| Volume/sequential designation | no. 3 |
| Linkage | S6965.1 |
| 500 ## - GENERAL NOTE | |
| General note | Published in association with Oxford University Press. |
| 504 ## - BIBLIOGRAPHY, ETC. NOTE | |
| Bibliography, etc. note | Includes bibliographical references. |
| 650 #0 - SUBJECT ADDED ENTRY--TOPICAL TERM | |
| Topical term or geographic name entry element | Land tenure -- Ethiopia -- History. |
| Geographic subdivision | Land tenure -- Ethiopia -- History. |
| General subdivision | Land tenure -- Ethiopia -- History. |
| Linkage | S33620.1 |
| 650 #0 - SUBJECT ADDED ENTRY--TOPICAL TERM | |
| Topical term or geographic name entry element | Land grants -- Ethiopia -- History. |
| Geographic subdivision | Land grants -- Ethiopia -- History. |
| General subdivision | Land grants -- Ethiopia -- History. |
| Linkage | S33621.1 |
| 650 #0 - SUBJECT ADDED ENTRY--TOPICAL TERM | |
| Topical term or geographic name entry element | Land reform -- Ethiopia -- History. |
| Geographic subdivision | Land reform -- Ethiopia -- History. |
| General subdivision | Land reform -- Ethiopia -- History. |
| Linkage | S33622.1 |
| 710 2# - ADDED ENTRY--CORPORATE NAME | |
| Corporate name or jurisdiction name as entry element | Haile Sellassie I University. Institute of Ethiopian Studies. |
| Subordinate unit | Haile Sellassie I University. Institute of Ethiopian Studies. |
| Linkage | A42541.1 |
| 949 ## - LOCAL PROCESSING INFORMATION (OCLC) | |
| a | HD1021.E8 |
| w | lcc |
| i | -114879 |
| m | MAIN |
| t | BOOK |
| l | ON-SHELF |
No items available.